| 000 | 00526nam a2200181Ia 4500 | ||
|---|---|---|---|
| 999 |
_c17519 _d17519 |
||
| 082 | _aTL.0065 | ||
| 100 | _aLila, Kumkum | ||
| 245 | 0 | _aOccupational mobility among scavengers of Bhopal: a sociological study | |
| 260 |
_c1998 _bBarkatullah University |
||
| 300 | _a188p + C D - 48 | ||
| 650 |
_aGarbageman _vBhopal |
||
| 650 |
_aRefuse collectors _vBhopal |
||
| 650 |
_aSocial mobility _vBhopal |
||
| 650 |
_aScavengers _vBhopal |
||
| 650 |
_aOccupational mobility _vBhopal |
||
| 710 | _aChaudhary, S.N. | ||
| 942 |
_cTH _2ddc |
||